000 00435nab a2200145Ia 4500
003 ES-SlBCS
005 20210601124318.0
008 140529s1988 xxu||||| |||| 00| 0 eng d
041 _aeng
100 1 _aHansen, David T.
_9139586
245 0 0 _aWas Socrates a Socratic Teacher?
_c David T. Hansen
600 0 4 _aSócrates-Socratismo
_9139587
773 0 _tEducational Theory
_gvol. 38, nº. 2, 1988, págs. 213-224
_wRev1399
942 _cAR
999 _c512757
_d512757